| 000 | 00608nam a22001337a 4500 | ||
|---|---|---|---|
| 040 | _cRUA | ||
| 082 | _aAVM NHE 2009 B089 Or.1 | ||
| 100 | _aNHEB, SOKHEANG. | ||
| 245 | _aStudy on farmer's cattleraising in boset district, kompong speu province (ការសិក្សាលើការចិញ្ចឺមគោរបស់កសិករនៅស្រុកបសេដ្ធខេត្តកំពង់ស្ពឹ) | ||
| 260 |
_aPhnom Penh _bRUA _c2009 |
||
| 300 |
_aix, 42p. _bill. _c29cm. |
||
| 856 | _uhttps://drive.google.com/file/d/1wgyIUVn1l7KlD0V68vQ2LgdwDAikhozs/view?usp=sharing | ||
| 942 | _cAVM | ||
| 999 |
_c2439 _d2439 |
||